000 00684nam a2200169 a 4500
008 150616s2013 ||||||||||||||||| || u
020 _a9781849204828
050 _aQ 175.5 Ack
100 _aAckland, Robert
245 1 0 _aWeb social science: concepts data and tools for social scientists in the digital age
_cby Robert Ackland
260 _aLos Angeles
_bSAGE Publications
_c2013
300 _axix, 202p. :ill.
350 _a50.00
650 _aSCIENCE AND TECHNOLOGY
650 0 _aSOCIAL SCIENCES--STUDY AND TEACHING
995 _FCBU-MAIN LIBRARY (Kitwe)
_I50.00
_M1
_UAVAILABLE
_WSep 3, 2015
_ZMain Library Open Access Collection
999 _c61574
_d61574